Briefe und Tagebücher zwischen Text und Quelle

Saved in:
Bibliographic Details
Corporate Authors: Tagebücher zwischen Text und Quelle : Geschichtswissenschaft und Literaturwissenschaft im Gespräch (Author) , Briefe und Literatur (Author)
Other Authors: Depkat, Volker (Editor) , Pyta, Wolfram (Editor)
Format: Conference Paper
Language:German
Published: Berlin Duncker & Humblot [2021]
Series:Geschichts- und Literaturwissenschaft im Gespräch 2
In: Geschichts- und Literaturwissenschaft im Gespräch (2)

Volumes / Articles: Show Volumes / Articles.
Subjects:
Online Access:Inhaltsverzeichnis: https://d-nb.info/1232088110/04
Rezension: http://www.informationsmittel-fuer-bibliotheken.de/showfile.php?id=11030
Cover: https://portal.dnb.de/opac/mvb/cover?isbn=978-3-428-15891-1
Get full text
Author Notes:herausgegeben von Volker Depkat, Wolfram Pyta

MARC

LEADER 00000cam a2200000 c 4500
001 1756530130
003 DE-627
005 20260409100235.0
007 tu
008 210428s2021 gw ||||| 00| ||ger c
010 |a  2023423255 
015 |a 21,N17  |2 dnb 
016 7 |a 1232088110  |2 DE-101 
020 |a 9783428158911  |q brosch. : EUR 59.90 (DE), EUR 61.60 (AT)  |9 978-3-428-15891-1 
024 3 |a 9783428158911 
028 5 2 |a 15891 
035 |a (DE-627)1756530130 
035 |a (DE-599)DNB1232088110 
035 |a (OCoLC)1248927031 
040 |a DE-627  |b ger  |c DE-627  |e rda 
041 |a ger 
044 |c XA-DE-BE 
050 0 |a PT401 
082 0 |a 809.6  |q DE-101 
082 0 4 |a 800  |a 900  |q DE-101 
084 |a 53  |2 sdnb 
084 |a 53  |2 sdnb 
084 |a 63  |2 sdnb 
084 |a 51  |2 sdnb 
084 |a ND 1210  |2 rvk  |0 (DE-625)rvk/124816: 
084 |a GE 6221  |q DE-24/22sred  |2 rvk  |0 (DE-625)rvk/39167: 
084 |a 15.10  |2 bkl 
084 |a 17.84  |2 bkl 
084 |a 18.10  |2 bkl 
245 0 0 |a Briefe und Tagebücher zwischen Text und Quelle  |c herausgegeben von Volker Depkat, Wolfram Pyta 
264 1 |a Berlin  |b Duncker & Humblot  |c [2021] 
264 4 |c © 2021 
300 |a 333 Seiten  |b Illustrationen 
336 |a Text  |b txt  |2 rdacontent 
337 |a ohne Hilfsmittel zu benutzen  |b n  |2 rdamedia 
338 |a Band  |b nc  |2 rdacarrier 
490 1 |a Geschichts- und Literaturwissenschaft im Gespräch  |v 2 
500 |a Literaturangaben 
500 |a Er vereinigt neben zusätzlich eingeworbenen Beiträgen, die für den Druck überarbeiteten Vorträge, die in zwei von den Herausgebern organisierten interdisziplinären Workshops gehalten wurden. Der erste von ihnen fand unter dem Titel "Tagebücher zwischen Text und Quelle. Geschichtswissenschaft und Literaturwissenschaft im Gespräch" am 21. und 22. November 2014 an der Universität Regensburg statt, der zweite unter dem Titel "Briefe und Literatur" vom 29. bis 31. März 2017 am Deutschen Literaturarchiv in Marbach" (Seite 27) 
650 0 |a German literature  |y 20th century  |x History and criticism  |2 DLC 
655 7 |a Konferenzschrift  |y 2014  |z Regensburg  |0 (DE-588)1071861417  |0 (DE-627)826484824  |0 (DE-576)433375485  |2 gnd-content 
655 7 |a Konferenzschrift  |y 2017  |z Marbach am Neckar  |0 (DE-588)1071861417  |0 (DE-627)826484824  |0 (DE-576)433375485  |2 gnd-content 
689 0 0 |d s  |0 (DE-588)4008240-4  |0 (DE-627)104675365  |0 (DE-576)208875212  |a Brief  |2 gnd 
689 0 1 |d s  |0 (DE-588)4058900-6  |0 (DE-627)104364149  |0 (DE-576)209128399  |a Tagebuch  |2 gnd 
689 0 2 |d s  |0 (DE-588)4135952-5  |0 (DE-627)105661236  |0 (DE-576)209665084  |a Quelle  |2 gnd 
689 0 3 |d s  |0 (DE-588)4020535-6  |0 (DE-627)106317679  |0 (DE-576)208933794  |a Geschichtswissenschaft  |2 gnd 
689 0 4 |d s  |0 (DE-588)4059664-3  |0 (DE-627)104704659  |0 (DE-576)209131586  |a Textsorte  |2 gnd 
689 0 5 |d s  |0 (DE-588)4036034-9  |0 (DE-627)104623918  |0 (DE-576)209016108  |a Literaturwissenschaft  |2 gnd 
689 0 |5 DE-101 
689 1 0 |d s  |0 (DE-588)4008240-4  |0 (DE-627)104675365  |0 (DE-576)208875212  |a Brief  |2 gnd 
689 1 1 |d s  |0 (DE-588)4058900-6  |0 (DE-627)104364149  |0 (DE-576)209128399  |a Tagebuch  |2 gnd 
689 1 2 |d s  |0 (DE-588)4135952-5  |0 (DE-627)105661236  |0 (DE-576)209665084  |a Quelle  |2 gnd 
689 1 3 |d s  |0 (DE-588)4020535-6  |0 (DE-627)106317679  |0 (DE-576)208933794  |a Geschichtswissenschaft  |2 gnd 
689 1 4 |d s  |0 (DE-588)4059664-3  |0 (DE-627)104704659  |0 (DE-576)209131586  |a Textsorte  |2 gnd 
689 1 5 |d s  |0 (DE-588)4036034-9  |0 (DE-627)104623918  |0 (DE-576)209016108  |a Literaturwissenschaft  |2 gnd 
689 1 |5 (DE-627) 
700 1 |a Depkat, Volker  |d 1965-  |e HerausgeberIn  |0 (DE-588)120627973  |0 (DE-627)080792103  |0 (DE-576)178956457  |4 edt 
700 1 |a Pyta, Wolfram  |d 1960-  |e HerausgeberIn  |0 (DE-588)112613691  |0 (DE-627)547677839  |0 (DE-576)165748303  |4 edt 
711 2 |a Tagebücher zwischen Text und Quelle : Geschichtswissenschaft und Literaturwissenschaft im Gespräch  |g Veranstaltung  |d 2014  |c Regensburg  |j VerfasserIn  |0 (DE-588)125355174X  |0 (DE-627)1795787252  |4 aut 
711 2 |a Briefe und Literatur  |g Veranstaltung  |d 2017  |c Marbach am Neckar  |j VerfasserIn  |0 (DE-588)1253551952  |0 (DE-627)1795787503  |4 aut 
776 1 |z 9783428558919  |c E-Book 
776 0 8 |i Erscheint auch als  |n Online-Ausgabe  |t Briefe und Tagebücher zwischen Text und Quelle  |d Berlin : Duncker & Humblot, 2021  |h 1 Online-Ressource (333 Seiten)  |w (DE-627)1755901909  |z 9783428558919 
830 0 |a Geschichts- und Literaturwissenschaft im Gespräch  |v 2  |9 2  |w (DE-627)894682253  |w (DE-576)491339127  |w (DE-600)2901237-5  |x 2567-1324  |7 am 
856 4 2 |u https://d-nb.info/1232088110/04  |m DE-101  |q application/pdf  |v 2022-03-31  |3 Inhaltsverzeichnis  |7 1 
856 4 2 |u http://www.informationsmittel-fuer-bibliotheken.de/showfile.php?id=11030  |m V:DE-576;X:IFB  |q application/pdf  |v 20210831050002  |3 Rezension  |7 1 
856 4 2 |u https://portal.dnb.de/opac/mvb/cover?isbn=978-3-428-15891-1  |q image  |v 2022-03-31  |3 Cover  |7 1 
936 r v |a ND 1210  |b Einzelne Quellengattungen (z.B. Stammbücher, Reisebeschreibungen)  |k Geschichte  |k Historische Hilfswissenschaften  |k Allgemeine Quellenkunde  |k Einzelne Quellengattungen (z.B. Stammbücher, Reisebeschreibungen)  |0 (DE-627)1271445190  |0 (DE-625)rvk/124816:  |0 (DE-576)201445190 
936 r v |a GE 6221  |b Tagebuch  |k Germanistik. Niederlandistik. Skandinavistik  |k Deutsche Literatur  |k Literaturgeschichte  |k Geschichte der literarischen Gattungen  |k Epik  |k Autobiografische Gattungen  |k Tagebuch  |0 (DE-627)1270859765  |0 (DE-625)rvk/39167:  |0 (DE-576)200859765 
936 b k |a 15.10  |j Historische Hilfswissenschaften  |0 (DE-627)106419420 
936 b k |a 17.84  |j Sonstige literarische Gattungen  |0 (DE-627)181571692 
936 b k |a 18.10  |j Deutsche Literatur  |0 (DE-627)106405047 
936 s n |a g100  |2 mzub 
936 s n |a n100  |2 mzub 
936 s n |a e100  |2 mzub 
951 |a BO 
990 |a Literaturwissenschaft 
990 |a Textsorte 
990 |a Geschichtswissenschaft 
990 |a Quelle 
990 |a Tagebuch 
990 |a Brief 
990 |a Literaturwissenschaft 
990 |a Textsorte 
990 |a Geschichtswissenschaft 
990 |a Quelle 
990 |a Tagebuch 
990 |a Brief 
992 |a 20211020 
999 |a KXP-PPN1756530130  |e 3991559234 
BIB |a Y 
SPR |a Y 
JSO |a {"name":{"displayForm":["herausgegeben von Volker Depkat, Wolfram Pyta"]},"origin":[{"dateIssuedDisp":"[2021]","publisherPlace":"Berlin","publisher":"Duncker & Humblot","dateIssuedKey":"2021"}],"recId":"1756530130","title":[{"title":"Briefe und Tagebücher zwischen Text und Quelle","title_sort":"Briefe und Tagebücher zwischen Text und Quelle"}],"relMultPart":[{"id":{"zdb":["2901237-5"],"issn":["2567-1324"],"eki":["894682253"]},"language":["ger"],"disp":"Geschichts- und Literaturwissenschaft im Gespräch","part":{"number_sort":["2"],"number":["2"]},"pubHistory":["1-"],"type":{"bibl":"serial"},"physDesc":[{"noteFormat":"24 cm","extent":"Bände"}],"dispAlt":"Geschichts- und Literaturwissenschaft im Gespräch","origin":[{"dateIssuedKey":"2017","dateIssuedDisp":"2017-","publisherPlace":"Berlin","publisher":"Duncker & Humblot"}],"recId":"894682253","title":[{"title_sort":"Geschichts- und Literaturwissenschaft im Gespräch","title":"Geschichts- und Literaturwissenschaft im Gespräch"}]}],"person":[{"family":"Depkat","display":"Depkat, Volker","given":"Volker","role":"edt"},{"family":"Pyta","display":"Pyta, Wolfram","given":"Wolfram","role":"edt"}],"type":{"bibl":"edited-book"},"corporate":[{"role":"aut","display":"Tagebücher zwischen Text und Quelle : Geschichtswissenschaft und Literaturwissenschaft im Gespräch (2014, Regensburg)"},{"role":"aut","display":"Briefe und Literatur (2017, Marbach am Neckar)"}],"language":["ger"],"id":{"isbn":["9783428158911"],"eki":["1756530130"]},"physDesc":[{"noteIll":"Illustrationen","extent":"333 Seiten"}],"note":["Literaturangaben","Er vereinigt neben zusätzlich eingeworbenen Beiträgen, die für den Druck überarbeiteten Vorträge, die in zwei von den Herausgebern organisierten interdisziplinären Workshops gehalten wurden. Der erste von ihnen fand unter dem Titel \"Tagebücher zwischen Text und Quelle. Geschichtswissenschaft und Literaturwissenschaft im Gespräch\" am 21. und 22. November 2014 an der Universität Regensburg statt, der zweite unter dem Titel \"Briefe und Literatur\" vom 29. bis 31. März 2017 am Deutschen Literaturarchiv in Marbach\" (Seite 27)"]} 
SRT |a TAGEBUECHEBRIEFEUNDT2021